| 000 | 00516nam a2200157 a 4500 | ||
|---|---|---|---|
| 001 | 000036708 | ||
| 005 | 20200930075904.0 | ||
| 008 | 120125s1962 fr 000 0 spa d | ||
| 040 |
_aDO-SdBNP _bspa _cBNPHU |
||
| 245 | 0 | 0 |
_aL'Homme & l'animal : _bcent mille ans de vie commune / _cPont Royal. |
| 260 |
_aFrancia : _bDu pont Royal del Duca- Laffont, _c1962. |
||
| 300 |
_a295 p. : _bil. ; _c31 cm. |
||
| 490 | 1 |
_aPanoramas d'histoire ; _v7 |
|
| 700 | 1 | 2 |
_aLaffont, Robert _913393 |
| 830 | 0 |
_aPanoramas d'histoire ; _v7 _963006 |
|
| 999 |
_c36199 _d36199 |
||